ბათუმის შოთა რუსთაველის სახელმწიფო უნივერსიტეტის ბიბლიოთეკა

Основы взаимозаменяемости и технических измерении. (ბიბ.ჩანაწერი № 38741)

000 -LEADER
fixed length control field 00725nam a2200217Ia 4500
001 - CONTROL NUMBER
control field 5058
003 - CONTROL NUMBER IDENTIFIER
control field GE_BSU
008 - FIXED-LENGTH DATA ELEMENTS--GENERAL INFORMATION
fixed length control field 181216s||||||||xx |||||||||||||| ||und||
040 ## - CATALOGING SOURCE
Transcribing agency GE_BSU
080 ## - UNIVERSAL DECIMAL CLASSIFICATION NUMBER
Universal Decimal Classification number 621.753.1
100 ## - MAIN ENTRY--PERSONAL NAME
Personal name Синицын,П.П.
245 ## - TITLE STATEMENT
Title Основы взаимозаменяемости и технических измерении.
245 ## - TITLE STATEMENT
Remainder of title Учебн. пособие.
245 ## - TITLE STATEMENT
Statement of responsibility, etc. Ред. И.А.Григорьев.
260 ## - PUBLICATION, DISTRIBUTION, ETC.
Place of publication, distribution, etc. М.
260 ## - PUBLICATION, DISTRIBUTION, ETC.
Name of publisher, distributor, etc. оборонгиз.
260 ## - PUBLICATION, DISTRIBUTION, ETC.
Date of publication, distribution, etc. 1959.
300 ## - PHYSICAL DESCRIPTION
Extent 246 стр.с илл. 22 см. Библиогр.: стр. 242.
653 ## - INDEX TERM--UNCONTROLLED
Uncontrolled term Основы взаимозаменяемости и технических измерении.
942 ## - ADDED ENTRY ELEMENTS (KOHA)
Koha item type წიგნი
ეგზემპლარები
Withdrawn status Lost status Damaged status Not for loan Date acquired Barcode Date last seen Price effective from Koha item type
        2018-12-17 11085 2018-12-17 2018-12-17 წიგნი